000 nam a22 7a 4500
999 _c8138
_d8138
008 171129b xxu||||| |||| 00| 0 eng d
100 _aSoares.N.
_94479
245 _aBetter Living
260 _aNew Delhi
_bJeeva and deep
_c2008